000 00823cam a2200301 4500500
005 20260405003626.0
041 _afre
042 _adc
100 1 0 _aTerraz, Pierre
_eauthor
245 0 0 _aEn Birmanie, les nouveaux visages de la résistance
260 _c2023.
500 _a69
690 _aArme
690 _aAung San Suu KYI
690 _aBirmanie
690 _aCarl Schmitt
690 _aContrôle
690 _aDictature
690 _aGuerilla
690 _aGuerre civile
690 _aJeunesse
690 _aJungle
690 _aMilitaire
690 _aRébellion
690 _aRésistance
786 0 _nPhilosophie magazine | 166 | 1 | 2023-02-01 | p. 14-16 | 1951-1787
856 4 1 _uhttps://shs.cairn.info/magazine-philosophie-magazine-2023-1-page-14?lang=fr&redirect-ssocas=7080
999 _c2069394
_d2069394